The decline and fall of Lloyd George : (Record no. 26545)
[ view plain ]
| 000 -LEADER | |
|---|---|
| fixed length control field | 01005nam a2200253 a 4500 |
| 001 - CONTROL NUMBER | |
| control field | 26545 |
| 003 - CONTROL NUMBER IDENTIFIER | |
| rucl marc code | BD-RjUL |
| 005 - DATE AND TIME OF LATEST TRANSACTION | |
| control field | 20211209051030.0 |
| 008 - FIXED-LENGTH DATA ELEMENTS--GENERAL INFORMATION | |
| fixed length control field | 140322s1963 enkachl 00110beng d |
| 035 ## - SYSTEM CONTROL NUMBER | |
| System control number | (BD-RjUL)26615 |
| 040 ## - CATALOGING SOURCE | |
| Original cataloging agency | DLC |
| Language of cataloging | eng |
| Transcribing agency | DLC |
| Modifying agency | BD-RjUL |
| 041 ## - LANGUAGE CODE | |
| Language code of text/sound track or separate title | eng |
| 082 00 - DEWEY DECIMAL CLASSIFICATION NUMBER | |
| Classification number | 941.083 |
| Edition number | 19 |
| Author mark and year | BED 1963 |
| 100 1# - MAIN ENTRY--PERSONAL NAME | |
| Personal name | Beaverbrook, Max Aitken, |
| Dates associated with a name | 1879-1964. |
| 9 (RLIN) | 81647 |
| 245 14 - TITLE STATEMENT | |
| Title | The decline and fall of Lloyd George : |
| Remainder of title | and great was the fall thereof / |
| Statement of responsibility, etc. | Lord Beaverbrook. |
| 260 ## - PUBLICATION, DISTRIBUTION, ETC. (IMPRINT) | |
| Place of publication, distribution, etc. | London : |
| Name of publisher, distributor, etc. | Collins, |
| Date of publication, distribution, etc. | c1963. |
| 300 ## - PHYSICAL DESCRIPTION | |
| Pagination | 320 p., [12] leaves of plates : |
| Illustrations | ill., facsims., ports. ; |
| Size | 24 cm. |
| 500 ## - GENERAL NOTE | |
| General note | Reviews: Illustrated London News, 23rd Apr. 1963 p.419; Times Literary Supplement, 8th Apr. 1963 p.161; History, Oct. 1963 p.396-399. |
| 504 ## - BIBLIOGRAPHY, ETC. NOTE | |
| Bibliography, etc | Includes index. |
| 600 20 - SUBJECT ADDED ENTRY--PERSONAL NAME | |
| Personal name | Lloyd George, David, |
| Dates associated with a name | 1863-1945. |
| 650 #0 - SUBJECT ADDED ENTRY--TOPICAL TERM | |
| Topical term or geographic name as entry element | Prime ministers |
| Geographic subdivision | Great Britain |
| General subdivision | Biography. |
| 9 (RLIN) | 75074 |
| 651 #0 - SUBJECT ADDED ENTRY--GEOGRAPHIC NAME | |
| Geographic name | Great Britain |
| General subdivision | Politics and government |
| Chronological subdivision | 1910-1936. |
| 9 (RLIN) | 7222 |
| 942 ## - ADDED ENTRY ELEMENTS (KOHA) | |
| Source of classification or shelving scheme | Dewey Decimal Classification |
| Koha item type | Books |
| Lost status | Source of classification or shelving scheme | Damaged status | Not for loan | Collection code | Permanent Location | Current Location | Shelving location | Date acquired | Source of acquisition | Cost, normal purchase price | Total Checkouts | Full call number | Date last seen | Copy number | Koha item type |
|---|---|---|---|---|---|---|---|---|---|---|---|---|---|---|---|
| Dewey Decimal Classification | Added to bundle | Non-fiction | Central Library, University of Rajshahi | Central Library, University of Rajshahi | Reading Room | 26/02/1964 | Zeitlinger | 25.00 | 941.083 BED 1963 | 22/03/2014 | C-1 | Books |